000 01490nam a2200373 a 4500
001 ebr10680837
003 CaPaEBR
006 m u
007 cr cn|||||||||
008 090806s2010 nyua sb 001 0 eng d
010 _z 2009031710
020 _z9781606927939 (hc)
020 _z1606927930
020 _z9781617284434 (e-book)
040 _aCaPaEBR
_cCaPaEBR
035 _a(OCoLC)701053872
043 _an-us---
050 1 4 _aHF5415.1
_b.M377 2010eb
082 0 4 _a364.16/3
_222
245 0 0 _aMass marketing and consumer fraud
_h[electronic resource] :
_bbackground, issues and data /
_cMartin A. Parham, editor.
260 _aNew York :
_bNova Science Publishers,
_cc2010.
300 _ax, 139 p. :
_bill.
490 1 _aCriminal justice, law enforcement and corrections series
504 _aIncludes bibliographical references and index.
533 _aElectronic reproduction.
_bPalo Alto, Calif. :
_cebrary,
_d2013.
_nAvailable via World Wide Web.
_nAccess may be limited to ebrary affiliated libraries.
650 0 _aMarketing
_zUnited States.
650 0 _aFraud
_zUnited States.
650 0 _aConsumer protection
_xLaw and legislation
_zUnited States.
655 7 _aElectronic books.
_2local
700 1 _aParham, Martin A.
710 2 _aebrary, Inc.
830 0 _aCriminal justice, law enforcement and corrections.
856 4 0 _uhttp://site.ebrary.com/lib/rucke/Doc?id=10680837
_zAn electronic book accessible through the World Wide Web; click to view
999 _c156410
_d156410